| 000 | 01110nam a2200289 a 4500 | ||
|---|---|---|---|
| 001 | 000000301 | ||
| 005 | 20260508134416.0 | ||
| 008 | 081127s2008 dr 001 0 spa d | ||
| 020 | _a9789945161908 | ||
| 040 |
_aDO-SdBNP _bspa _cBNPHU |
||
| 082 |
_a262.7 _bD919i |
||
| 100 | 1 |
_aDunker L., José, _d1943- _91027 |
|
| 245 | 1 | 3 |
_aLa iglesia, según los apóstoles / _cJosé Dunker ; prólogo Leonardo Hipólito Clemente. |
| 260 |
_aSanto Domingo : _bBúho, _c2008. |
||
| 300 |
_a120 p. ; _c22 cm. |
||
| 590 | _aInventariado, 2018/ YL | ||
| 505 | 0 |
_tPrólogo -- _tBases para una teología trinitaria -- _tAplicaciones prácticas -- _tEclesiología -- _tBibliografía. |
|
| 650 | 4 |
_aTrinidad _xEnsayos, conferencias, etc. _91020 |
|
| 650 | 4 |
_aIglesia _xEnsayos, conferencias, etc. _91021 |
|
| 650 | 4 |
_aApóstoles _9886 |
|
| 650 | 4 |
_aBiblia.-a.t. _xCrítica e interpretación _91022 |
|
| 650 | 4 |
_aAmor (teología) _91023 |
|
| 650 | 0 |
_aFe _91024 |
|
| 650 | 4 |
_aTeología dogmática _xEnsayos, conferencias, etc. _91025 |
|
| 700 | 1 | 2 |
_aClemente, Leonardo Hipólito _eprol. _91026 |
| 910 | _aValidado. Control de calidad EMS | ||
| 999 |
_c300 _d300 |
||